000 00597nam a2200193 i 4500
001 45000
003 ES-MaACL
005 20230906161132.0
007 t|
008 030324s1917 gw ||||1| ger d
100 1 _aClaus, C.
_939092
245 1 0 _aLehrbuch der Zooligie Begründet /
_cvon C. Claus, Claus Grobben ; neuberbeiten von Karl Grobben.
250 _aDritte umgearbeitete auflage.
260 _aMarburg N. G. :
_bElwert'sche,
_c1917.
300 _aXVI, 1087 p. :
_bil. ;
_c25 cm.
700 1 _aGrobben, Claus.
_960099
700 1 _aGrobben, Karl.
_960100
852 _aES-MaACL
_jF-4607
999 _c45000
_d45000